000 00608nam a2200193Ia 4500
005 20230227093016.0
008 131103s9999 xx 000 0 und d
040 _aLoreto College
041 _aEnglish
082 _a821.08
_bPAL
245 4 _aThe Golden treasury of the best songs and lyrical poems in the English
_cselected and arraged by Francis Turner Palgrave
260 _aLondon
_bOxford University Press
_c1959
300 _axv,587p.
440 _aThe World's classics; no.133
504 _aIncludes notes and index
650 _aEnglish Poetry - Collections
850 _aLCLIB
942 _cBK
999 _c13022
_d63501